Business communication : BBM 3rd semester students of bangalore university (Record no. 215349)

MARC details
000 -LEADER
fixed length control field 00438nam a2200157Ia 4500
008 - FIXED-LENGTH DATA ELEMENTS--GENERAL INFORMATION
fixed length control field 231221s9999 xx 000 0 und d
020 ## - INTERNATIONAL STANDARD BOOK NUMBER
International Standard Book Number 8127221244
041 ## - LANGUAGE CODE
Language code of text/sound track or separate title English
082 ## - DEWEY DECIMAL CLASSIFICATION NUMBER
Classification number 651.4 VAR;11
100 ## - MAIN ENTRY--PERSONAL NAME
Personal name Varinder Kumar.
245 #0 - TITLE STATEMENT
Title Business communication : BBM 3rd semester students of bangalore university
260 ## - PUBLICATION, DISTRIBUTION, ETC.
Date of publication, distribution, etc. 2005
Name of publisher, distributor, etc. Kalyani
Place of publication, distribution, etc. Ludhiyana
300 ## - PHYSICAL DESCRIPTION
Extent 9.14
650 ## - SUBJECT ADDED ENTRY--TOPICAL TERM
Topical term or geographic name entry element Business,communication,BBM
942 ## - ADDED ENTRY ELEMENTS (KOHA)
Koha item type Business Management Library
Holdings
Date last seen Total checkouts Full call number Accession number Date last checked out Price effective from Category Lost status Damaged status Department Withdrawn status Home library Current library Shelving location Entry date Grants Billdate Currency symbol Conversion rate Discount Old discount
11/04/2025 1 651.4 VAR;11 BM1977 06/03/2025 26/01/2024 Business Management Library     Central Library   Central Library Central Library Central Library   BM 25/11/2017 RS 1    

© For any Suggestions or Query, please contact the library staff @ librarian@pes.edu or Phone: +9180 2672 1983/ 2108.